Statistiques concernant Mots cachés n°6

Cliquez ici pour prendre le quiz!

Statistiques générales

  • Ce quiz a été pris 172 fois
  • Le résultat moyen est 25 sur 25

Statistiques - réponses

QuestionTuileSelect% Correct
tigre, ogre et ami.PNon
100%
tigre, ogre et ami.UNon
100%
tigre, ogre et ami.YNon
100%
tigre, ogre et ami.YNon
100%
tigre, ogre et ami.ANon
99%
tigre, ogre et ami.GOui
99%
tigre, ogre et ami.PNon
99%
tigre, ogre et ami.SNon
99%
tigre, ogre et ami.TNon
99%
tigre, ogre et ami.TNon
99%
tigre, ogre et ami.UNon
99%
tigre, ogre et ami.ANon
98%
tigre, ogre et ami.ANon
98%
tigre, ogre et ami.ENon
98%
tigre, ogre et ami.OOui
98%
tigre, ogre et ami.ROui
98%
tigre, ogre et ami.ENon
97%
tigre, ogre et ami.ENon
97%
tigre, ogre et ami.MOui
97%
tigre, ogre et ami.ROui
97%
tigre, ogre et ami.TOui
97%
tigre, ogre et ami.GOui
96%
tigre, ogre et ami.AOui
95%
tigre, ogre et ami.EOui
95%
tigre, ogre et ami.IOui
95%

Distribution des résultats

Percentile par nombre de réponses

% des personnes avec chaque résultat

Votre développement - résultats

Vous n’avez pas pris ce quiz